| 000 | 00570nam a2200169 a 4500 | ||
|---|---|---|---|
| 008 | 060316s1997 ||||||||||||||||| || u | ||
| 020 | _a0750636556 | ||
| 050 | _aTA 545 All | ||
| 100 | _aAllan, A. L | ||
| 245 | 1 | 0 | _aPractical surveying and computations. (2nd ed.) |
| 250 | _a2nd ed. | ||
| 260 |
_aOxford ;Boston : _bLaxtons _c1997 |
||
| 300 | _axvi, 573 p. : ill. | ||
| 350 | _a0.00 | ||
| 650 | 0 | _aSURVEYING | |
| 995 |
_D0.00 _FCBU-MAIN LIBRARY (Kitwe) _H1 _I10.30 _M1 _UAVAILABLE _ZMain Library Open Access Collection |
||
| 999 |
_c54305 _d54305 |
||